1219 1084 1933 1607 1972 1462 1011 1674 1890 1180 1236 1664 1505 1509 1906 1781 1481 1784 1900 1071 1000 1897 1334 1929 1579 1948 1805 1420 1402 1059 1467 1433 1704 1362 1607 1476 1967 1620 1943 1524 1658 1336 1083 1771 1686 1794 1670 1100 1443 1978 1896 1658 1826 1163 1827 1288 1159 1946 1381 1729 1547 1219 1749 1590 1783 1242 1020 1541 1178 1614 1391 1489 1527 1793 1152 1976 1043 1917 1516 1985 1074 1978 1127 1941 1222 1311 1457 1163 1235 1893 1477 1087 1063 1312 1510 1878 1524 1678 1373 BCNSPRNW ULIB Ver.6.0+V

เปลี่ยนเป็นภาษาไทย

Change to English
 แสดงรายละเอียดบรรณานุกรม
  กลับหน้าหลัก

Brief Record : Get Marc (ISO 2709) : E-mail record : QR code < ปิดหน้าต่าง
LEADER : 00000nam 2200000uu 4500
001    13399127822
003     ULIB
008    210930s2564||||th 000 0 tha d
020    ^a9786164262003
060    ^aWU240^bศ64ก
100    ^aศิโรรัช วัชรานาถ
245    ^aการวินิจฉัยโรคปริทันต์แบบใหม่และการวางแผนการรักษา/^cศิโรรัช วัชรานาถ
250    ^aพิมพ์ครั้งที่ 1
260    ^aพิษณุโลก :^bสำนักพิมพ์มหาวิทยาลัยนเรศวร,^c2564
300    ^a172 หน้า :^bภาพประกอบ ;^c21 ซม.
500    ^a 330 บาท
650    ^aโรคเยื่อปริทันต์ ^xการวินิจฉัย
650    ^aโรคเยื่อปริทันต์ ^xการรักษา
945    ^p330^l0^i008308
945    ^p330^l0^i008309
945    ^p330^l0^i008310
945    ^p330^l0^i008311
945    ^p330^l0^i008312
999    ^aประนอม เกษจรัล
รายการนี้ยังไม่มีแท็ก
คุณยังไม่ได้ล็อกอิน คุณสามารถมีกิจกรรมร่วมกับเว็บไซต์ได้ แต่ต้องล็อกอินก่อน ::
  ล็อกอิน

รายการสื่อสารสนเทศ

ลำดับที่ ประเภท เลขเรียก/บาร์โค้ด สถานที่ สถานะ
1. วิทยาศาสตร์การแพทย์ และสุขภาพ
หนังสือสำรอง
สถานะ=หนังสือสำรอง
WU240 ศ64ก ฉ.1 
  Barcode: 008308
ห้องสมุดวิทยาเขตสวรรค์ประชารักษ์
►หนังสือทั่วไป
บนชั้น
2. วิทยาศาสตร์การแพทย์ และสุขภาพ
วิทยาศาสตร์การแพทย์ และสุขภาพ
WU240 ศ64ก ฉ.2 
  Barcode: 008309
ห้องสมุดวิทยาเขตสวรรค์ประชารักษ์
►หนังสือทั่วไป
บนชั้น
3. วิทยาศาสตร์การแพทย์ และสุขภาพ
วิทยาศาสตร์การแพทย์ และสุขภาพ
WU240 ศ64ก ฉ.3 
  Barcode: 008310
ห้องสมุดวิทยาเขตสวรรค์ประชารักษ์
►หนังสือทั่วไป
บนชั้น
4. วิทยาศาสตร์การแพทย์ และสุขภาพ
วิทยาศาสตร์การแพทย์ และสุขภาพ
WU240 ศ64ก ฉ.4 
  Barcode: 008311
ห้องสมุดวิทยาเขตสวรรค์ประชารักษ์
►หนังสือทั่วไป
บนชั้น
5. วิทยาศาสตร์การแพทย์ และสุขภาพ
วิทยาศาสตร์การแพทย์ และสุขภาพ
WU240 ศ64ก ฉ.5 
  Barcode: 008312
ห้องสมุดวิทยาเขตสวรรค์ประชารักษ์
►หนังสือทั่วไป
บนชั้น

รายการใกล้เคียง
    ผู้แต่ง [ศิโรรัช วัชรานาถ]

BibComment


ยังไม่เคยถูกคอมเมนท์

คอมเมนท์ทรัพยากรรายการนี้
  คอมเมนท์: การวินิจฉัยโรคปร..


 Copyright 2026. Bcnsprnw @Library